Movies Quiz

Random Movies or Actor Quiz

Best Supporting Actor BAFTA Slot Machine II Quiz Stats

 Plays Quiz not verified by Sporcle

Score 0/27 Timer 03:00
0 Plays Today
Hint Answer % Correct
First NameBenicio del Toro - Traffic
99.5%
Last NameBenicio del Toro - Traffic
99.5%
Film TitleBenicio del Toro - Traffic
99.5%
First NameJack Nicholson - Reds
98.5%
Last NameJack Nicholson - Reds
98.5%
Film TitleJack Nicholson - Reds
98.5%
First NameGene Hackman - Unforgiven
97.9%
Last NameGene Hackman - Unforgiven
97.9%
Film TitleGene Hackman - Unforgiven
97.9%
First NameGeoffrey Rush - Elizabeth
97.9%
Last NameGeoffrey Rush - Elizabeth
97.9%
Film TitleGeoffrey Rush - Elizabeth
97.9%
First NameChristopher Plummer - Beginners
97.9%
Last NameChristopher Plummer - Beginners
97.9%
Hint Answer % Correct
Film TitleChristopher Plummer - Beginners
97.9%
First NameJ. K. Simmons - Whiplash
97.9%
Last NameJ. K. Simmons - Whiplash
97.9%
Film TitleJ. K. Simmons - Whiplash
97.9%
First NameClive Owen - Closer
97.4%
Last NameClive Owen - Closer
97.4%
Film TitleClive Owen - Closer
97.4%
First NameColin Welland - Kes
96.9%
Last NameColin Welland - Kes
96.9%
Film TitleColin Welland - Kes
96.9%
First NameDev Patel - Lion
95.9%
Last NameDev Patel - Lion
95.9%
Film TitleDev Patel - Lion
95.9%

You're not logged in!

Compare scores with friends on all Sporcle quizzes.
OR
Log In

Sporcle TV

Today on Sporcle TV


Watch our educational content, quiz creation guides, and fun videos on Sporcle TV.

Show Comments

Extras

Top Quizzes Today


Score Distribution

Your Account Isn't Verified!

In order to create a playlist on Sporcle, you need to verify the email address you used during registration. Go to your Sporcle Settings to finish the process.

Report this User

Report this user for behavior that violates our Community Guidelines.

Details: